| 000 | 02870nam a2200385 a 4500 | ||
|---|---|---|---|
| 001 | ebr10542609 | ||
| 003 | CaPaEBR | ||
| 006 | m u | ||
| 007 | cr cn||||||||| | ||
| 008 | 111021s2012 enka sb 001 0 eng d | ||
| 010 | _z 2011044209 | ||
| 020 | _z9780470657171 (pbk.) | ||
| 020 | _z9781118274507 (e-book) | ||
| 040 |
_aCaPaEBR _cCaPaEBR |
||
| 035 | _a(OCoLC)787849933 | ||
| 050 | 1 | 4 |
_aRC875 _b.A23 2012eb |
| 082 | 0 | 4 |
_a616.6 _223 |
| 245 | 0 | 0 |
_aABC of urology _h[electronic resource] / _cedited by Chris Dawson, Janine M. Nethercliffe. |
| 250 | _a3rd ed. | ||
| 260 |
_aChichester, West Sussex : _bWiley-Blackwell/BMJ Books, _c2012. |
||
| 300 |
_aix, 78 p. : _bill. (some col.). |
||
| 490 | 1 | _aABC series | |
| 504 | _aIncludes bibliographical references and index. | ||
| 505 | 8 | _aMachine generated contents note: Assessment of the Urological Patient / Debborah Skennerton -- Guidelines for the Management of Haematuria / Daniel Swallow -- Bladder Outflow Obstruction / James Allan -- Urinary Incontinence / Janine Nethercliffe -- Urological Emergencies / William Finch -- Subfertility and Male Sexual Dysfunction / Helen Hegarty -- Management of Adult UTI / Richard Cetti and Suzie Venn -- Prostate Cancer / Stephen E.M. Langley and Simon R.J. Bott -- Bladder Cancer / Alan Thompson and Pippa Sangster -- Renal Cancer / Esther McLarty, Jonathan Aning and Simon J. Freeman -- Testis Cancer / Jessica Wrigley, Anne Y. Warren and Danish Mazhar -- Urinary Stone Disease / Farooq Khan -- The Role of Laparoscopy in Urology / Nimish Shah and Richard Johnston -- Paediatric Urology / Peter Cuckow -- Urological Trauma / Tamsin Greenwell -- Penile Cancer and Gender Reassignment / Nim Christopher and Majid Shabbir. | |
| 520 | _a"This new edition is needed to provide junior doctors and GPs with a comprehensive overview of urology focusing on the diagnosis and management of the most common urological conditions. Urology as a specialty is undergoing continuing technological and scientific innovation and there have been many recent changes to urology practice in favour of less invasive methods over surgeries. This edition will include the new techniques and procedures that have been developed since 2006 that allow for safer and more effective treatment"--Provided by publisher. | ||
| 533 |
_aElectronic reproduction. _bPalo Alto, Calif. : _cebrary, _d2011. _nAvailable via World Wide Web. _nAccess may be limited to ebrary affiliated libraries. |
||
| 650 | 0 |
_aGenitourinary organs _xDiseases. |
|
| 650 | 0 | _aUrology. | |
| 655 | 7 |
_aElectronic books. _2local |
|
| 700 | 1 |
_aDawson, Chris, _cMB BS. |
|
| 700 | 1 | _aNethercliffe, Janine M. | |
| 710 | 2 | _aebrary, Inc. | |
| 830 | 0 | _aABC series (Malden, Mass.) | |
| 856 | 4 | 0 |
_uhttp://site.ebrary.com/lib/rucke/Doc?id=10542609 _zAn electronic book accessible through the World Wide Web; click to view |
| 999 |
_c135850 _d135850 |
||